[Event "HUN-chT4 2223"]
[Site "Gyor"]
[Date "2022.11.13"]
[Round "2"]
[White "Varga, Antal"]
[Black "Kiss, Laszlo"]
[Result "0-1"]
[WhiteElo "1436"]
[BlackElo "1465"]
[PlyCount "76"]
[EventDate "2022.10.09"]
[EventType "team-tourn"]
[EventRounds "7"]
[EventCountry "HUN"]
[SourceTitle "EXT 2024"]
[Source "ChessBase"]
[SourceDate "2023.10.10"]
[SourceVersion "1"]
[SourceVersionDate "2023.10.10"]
[SourceQuality "1"]
[WhiteTeam "Szigetkoez"]
[BlackTeam "Feher Lo Semmovar"]
[WhiteTeamCountry "HUN"]
[BlackTeamCountry "HUN"]

1. d4 Nf6 2. Bf4 g6 3. Nf3 Bg7 4. Qd2 Ne4 5. Qe3 d5 6. Nbd2 Bf5 7. Nh4 Qd7 8. f3 Nxd2 9. Qxd2 Nc6 10. Nxf5 Qxf5 11. c3 0-0-0 12. g4 Qd7 13. 0-0-0 h6 14. h4 f6 15. Bh3 g5 16. Bg3 Kb8 17. e4 e6 18. Bf1 h5 19. hxg5 hxg4 20. Rxh8 Rxh8 21. gxf6 Bh6 22. Bf4 Bxf4 23. Qxf4 gxf3 24. Qxf3 dxe4 25. Qxe4 Rf8 26. d5 exd5 27. Rxd5 Qf7 28. Rf5 Re8 29. Bc4 Qg6 30. Qf4 Nd8 31. Rc5 Qg1+ 32. Kc2 Qxc5 33. f7 Rf8 34. Qh4 Qf5+ 35. Kb3 Nxf7 36. Qe7 Nd6 37. Be6 Qf6 38. Qd7 Rd8 0-1

[Event "Level op 7th"]
[Site "Level"]
[Date "2019.05.12"]
[Round "7"]
[White "Frank, Jozsef1"]
[Black "Kiss, Laszlo"]
[Result "1/2-1/2"]
[WhiteElo "2016"]
[BlackElo "1850"]
[PlyCount "80"]
[EventDate "2019.05.10"]
[EventType "swiss"]
[EventRounds "7"]
[EventCountry "HUN"]
[SourceTitle "EXT 2021"]
[Source "ChessBase"]
[SourceDate "2020.10.23"]
[SourceVersion "1"]
[SourceVersionDate "2020.10.23"]
[SourceQuality "1"]

1. e4 c5 2. Nc3 e6 3. f4 Nc6 4. Nf3 a6 5. d3 d6 6. g3 Qc7 7. Bg2 Be7 8. 0-0 Nf6 9. Be3 0-0 10. Kh1 b5 11. e5 Ng4 12. exd6 Bxd6 13. Bg1 Nf6 14. Ng5 Bb7 15. Nge4 Nxe4 16. dxe4 Be7 17. e5 Nd4 18. Bxd4 cxd4 19. Qxd4 Rac8 20. Qe3 Bxg2+ 21. Kxg2 b4 22. Ne4 Qxc2+ 23. Rf2 Qc6 24. Qf3 a5 25. b3 Rfd8 26. Re1 Rc7 27. Kh3 Rdc8 28. Ree2 Qc1 29. Qg4 g6 30. Nf6+ Kg7 31. Qg5 Rd8 32. Qg4 Rdc8 33. Ne4 Kf8 34. Ng5 h5 35. Qf3 Kg7 36. Ne4 Qd1 37. Qg2 Rc2 38. Qf3 Rc1 39. Qe3 h4 40. Rd2 Qe1 1/2-1/2

[Event "HUN-chT2 Breyer 1516"]
[Site "Hungary"]
[Date "2015.11.08"]
[Round "4.2"]
[White "Kiss, Laszlo"]
[Black "Koczo, Kristof"]
[Result "0-1"]
[WhiteElo "2072"]
[BlackElo "2165"]
[PlyCount "84"]
[EventDate "2015.09.13"]
[EventType "team-tourn"]
[EventRounds "11"]
[EventCountry "HUN"]
[SourceTitle "CBM 170 Extra"]
[Source "ChessBase"]
[SourceDate "2016.02.25"]
[SourceVersion "1"]
[SourceVersionDate "2016.02.25"]
[SourceQuality "1"]
[WhiteTeam "Nyergesujfalu"]
[BlackTeam "Kobanya Aquarena"]
[WhiteTeamCountry "HUN"]
[BlackTeamCountry "HUN"]

1. d4 d5 2. Nf3 Nf6 3. c4 c6 4. Nc3 dxc4 5. e3 b5 6. a4 b4 7. Nb1 Ba6 8. Be2 e6 9. 0-0 c5 10. Ne5 cxd4 11. exd4 Qc8 12. Bf3 Bb7 13. Bxb7 Qxb7 14. Nxc4 Be7 15. b3 0-0 16. Nbd2 Nc6 17. Nf3 Nd5 18. Qd3 h6 19. Qe4 Rad8 20. Re1 Nc3 21. Qg4 f5 22. Qh5 Nxd4 23. Bxh6 Nxf3+ 24. gxf3 Bf6 25. Bg5 Bxg5 26. Qxg5 Qxf3 27. Qe3 Qxe3 28. Rxe3 Rf6 29. Rae1 Rd1 30. Rxd1 Nxd1 31. Re5 Nc3 32. Nd6 Nd5 33. a5 Rg6+ 34. Kf1 Rh6 35. Kg2 g5 36. Nb5 a6 37. Nd4 Nf4+ 38. Kg1 Kf7 39. Rc5 Rh8 40. Rc7+ Kf6 41. Rc4 Rd8 42. f3 Rxd4 0-1

[Event "HUN-chT2 Breyer 1415"]
[Site "Hungary"]
[Date "2015.03.22"]
[Round "?"]
[White "Kiss, Laszlo"]
[Black "Bereczki, Istvan"]
[Result "1-0"]
[WhiteElo "2050"]
[BlackElo "2121"]
[PlyCount "107"]
[EventDate "2014.09.07"]
[EventType "team-tourn"]
[EventRounds "11"]
[EventCountry "HUN"]
[SourceTitle "EXT 2016"]
[Source "ChessBase"]
[SourceDate "2015.10.08"]
[SourceVersion "1"]
[SourceVersionDate "2015.10.08"]
[SourceQuality "1"]
[WhiteTeam "Nyergesujfalu"]
[BlackTeam "Szazhalombatta"]
[WhiteTeamCountry "HUN"]
[BlackTeamCountry "HUN"]

1. d4 Nf6 2. c4 g6 3. Nc3 d5 4. Nf3 Bg7 5. Bf4 0-0 6. e3 c5 7. Qb3 cxd4 8. exd4 dxc4 9. Qxc4 a6 10. Be2 b5 11. Qc5 Bb7 12. 0-0 Nc6 13. Rad1 Rc8 14. a3 h6 15. d5 Ne5 16. Qa7 Nxf3+ 17. Bxf3 Qd7 18. Rd2 g5 19. Be3 Rc7 20. Qb6 g4 21. Be2 Rxc3 22. bxc3 Nxd5 23. Bxg4 f5 24. Bf3 Nxb6 25. Rxd7 Nxd7 26. Bxb7 Bxc3 27. Bxa6 Rb8 28. Rb1 b4 29. axb4 Rxb4 30. Rxb4 Bxb4 31. Bc4+ Kg7 32. Be6 Nf6 33. Bxf5 Bd6 34. f3 Be5 35. Be6 h5 36. Bc5 Kf8 37. g3 Bc7 38. Kg2 Be5 39. Kh3 Ne8 40. Be3 Bf6 41. Bh6+ Ng7 42. f4 Bd4 43. Bb3 Bf6 44. Bd1 Kf7 45. Bxg7 Kxg7 46. Bxh5 Kh6 47. Bf3 e5 48. f5 Kg5 49. Be4 Bd8 50. Kg2 Bb6 51. Kf3 Kh5 52. h4 Bd8 53. Bc6 Kh6 54. Be8 1-0

[Event "HUN-chT2 Breyer 1213"]
[Site "Hungary"]
[Date "2012.11.18"]
[Round "4.2"]
[White "Kiss, Laszlo"]
[Black "Farkas, Gyula"]
[Result "1/2-1/2"]
[WhiteElo "2048"]
[BlackElo "2186"]
[PlyCount "29"]
[EventDate "2012.09.16"]
[EventType "team-tourn"]
[EventRounds "11"]
[EventCountry "HUN"]
[SourceTitle "EXT 2014"]
[Source "ChessBase"]
[SourceDate "2013.11.20"]
[SourceVersion "1"]
[SourceVersionDate "2013.11.20"]
[SourceQuality "1"]
[WhiteTeam "Esztergom"]
[BlackTeam "Kisber Aszar"]
[WhiteTeamCountry "HUN"]
[BlackTeamCountry "HUN"]

1. c4 e5 2. Nc3 Nc6 3. g3 g6 4. Bg2 Bg7 5. Nf3 d6 6. 0-0 Be6 7. d3 h6 8. e4 Qd7 9. Nd5 Nd8 10. Re1 c6 11. Nc3 Nf6 12. Rb1 0-0 13. Be3 c5 14. b4 cxb4 15. Rxb4 1/2-1/2

[Event "HUN-chT2 Szechenyi 1213"]
[Site "Hungary"]
[Date "2012.09.16"]
[Round "1.10"]
[White "Szukics, Adam"]
[Black "Kiss, Laszlo"]
[Result "1-0"]
[WhiteElo "1875"]
[BlackElo "1671"]
[PlyCount "85"]
[EventDate "2012.09.16"]
[EventType "team-tourn"]
[EventRounds "11"]
[EventCountry "HUN"]
[SourceTitle "EXT 2014"]
[Source "ChessBase"]
[SourceDate "2013.11.20"]
[SourceVersion "1"]
[SourceVersionDate "2013.11.20"]
[SourceQuality "1"]
[WhiteTeam "Haladas III"]
[BlackTeam "Arboretum"]
[WhiteTeamCountry "HUN"]
[BlackTeamCountry "HUN"]

1. e4 e5 2. Nf3 Nc6 3. Bb5 Nf6 4. 0-0 d6 5. d4 Bd7 6. Re1 exd4 7. Nxd4 Be7 8. Nxc6 Bxc6 9. Bxc6+ bxc6 10. Nc3 0-0 11. b3 Nd7 12. Bb2 Bf6 13. f4 Re8 14. Qf3 Qb8 15. Kh1 Nc5 16. Re2 Ne6 17. Qg4 Qb4 18. a3 Qa5 19. b4 Qa6 20. e5 dxe5 21. fxe5 Be7 22. Ne4 Rad8 23. Nf6+ Bxf6 24. exf6 g6 25. Rae1 c5 26. h3 Qc6 27. Qh4 Qd6 28. bxc5 Qxc5 29. Re5 Qf8 30. Bc3 c5 31. Bb2 Nd4 32. Bxd4 cxd4 33. Re7 Rb8 34. Qf4 Rbd8 35. Qe5 Qxe7 36. fxe7 Rd7 37. Qf6 h5 38. g4 hxg4 39. hxg4 d3 40. cxd3 Rxd3 41. Rf1 Rh3+ 42. Kg2 Rh7 43. Rd1 1-0